000 00811nam a22002297i 4500
999 _c22944
_d22944
003 AR-CdUCM
008 240606b20152015 pe||||| |||| 00| 0 spa d
040 _aMUNICIPALIDAD PROVINCIAL DEL CUSCO
_cBIBLIOTECA MUNICIPAL DEL CUSCO
041 _hspa
082 _aPI / 803 / M61R
_bM61R
100 _a Ministerio de Educación
_918298
110 _aDirección General de Educación Básica Regular
_950067
245 _aPrimera Colección de Biografías para Niños y Niñas :
_bRosa Cerna Guardia /
260 _aLima :
_bMinisterio de Educación
_c2015
300 _a24 páginas. :
_bIlustraciones en color
_c20 cm.
505 _aCuento
650 _acuento
_94671
700 _aLértora Alva, Andrea. [ilustradora]
_950070
856 _fwww.minedu.gob.pe
942 _2ddc
_cLIBROS
945 _apbj
_d2024-06-06